LEADER 00896nam a2200181 i 4500 001 000000064033 003 CaOOAMICUS 005 20180727000000.0 008 180727s1965 xx u000 u lat u 013 $a35205 040 $aSeMil$bita 245 10$aPostillae in epistolas et evangelia ; Selecta ex autographo Budapestinensi. 300 $a38, 475 p., [1] p. di tav. ;$c32 cm. 700 1 $aBernardino : da Siena ,$c.$0(OLS)http://semarc/name/89161 773 0 $aBernardino : da Siena $tS. Bernardini Senensis Ordinis fratrum minorum Opera omnia.$dQuaracchi, Florentiae : Ex Typographia Collegii S. Bonaventurae, 1950-1965.$g9$w()1313 850 $aSeMil 852 $aSeMil$W1$xVenegono$y1$m2N VI 615$j30186$B30186$CSeMilBibl$Z2$F30189 $8I 996 $6245$aPostillae in epistolas et evangelia ; Selecta ex autographo Budapestinensi$9(OLS)http://semarc/title/402657 LEADER 01042nam a2200241 i 4500 001 000000074142 003 CaOOAMICUS 005 20211207160915.0 008 070410s1961 it u000 u ita u 013 $a45314 040 $aSeMil$bita 100 1 $aUngaretti, Giuseppe,$d<1888-1970>.$0(OLS)http://semarc/name/1569 245 10$a11: Il deserto e dopo /$cGiuseppe Ungaretti. 264 1$aMilano :$bA. Mondadori,$c1961. 300 $a450 p. ;$c20 cm 500 $aNella p. contro il front. : Prose di viaggio e saggi. 773 0 $aUngaretti, Giuseppe <1888-1970>$tVita d'un uomo.$dMilano : Arnoldo Mondadori Editore, 1942-$kSpecchio. I poeti del nostro tempo$g11$w()17583 830 3$aLo specchio. I poeti del nostro tempo.$0(OLS)http://semarc/title/437868 850 $aSeMil 852 $aSeMil$W1$xVenegono$y1$m1B V 46$j40294$B40294$CSeMilBibl$Z2$F40298 $81 996 $6245$a11: Il deserto e dopo$9(OLS)http://semarc/title/120301 996 $6264$aMilano :$bA. Mondadori$9(OLS)http://semarc/publisher/30308